Statistical physics /
| Main Author: | |
|---|---|
| Other Authors: | , |
| Format: | Book |
| Language: | English |
| Published: |
Oxford ; New York :
Pergamon Press,
1980.
|
| Edition: | 3rd rev. and enl. ed. / |
| Series: | Landau, L. D. (Lev Davidovich), 1908-1968. Teoreticheskai︠a︡ fizika (Izd. 3-e).
v. 5. Landau, L. D. (Lev Davidovich), 1908-1968. Teoreticheskai︠a︡ fizika (Izd. 3-e). v. 9. Pergamon international library of science, technology, engineering, and social studies. |
| Subjects: |
MARC
| Tag | First Indicator | Second Indicator | Subfields |
|---|---|---|---|
| LEADER | 00000cam a22000008a 4500 | ||
| 001 | in00000103477 | ||
| 005 | 20150929180431.0 | ||
| 008 | 780509s1980 enk 00110 eng | ||
| 010 | |a 78040140 | ||
| 015 | |a GB78 | ||
| 035 | |a (OCoLC)03932994 | ||
| 035 | |9 AAN2700AM | ||
| 040 | |a DLC |c DLC |d TXA |d UtOrBLW | ||
| 041 | 1 | |a eng |h rus | |
| 049 | |a TXAM |d [ |v = pt.] |v 1 [1167281] |v 2 [1167282] | ||
| 050 | 0 | 0 | |a QC175 |b .L32 1980 |
| 082 | 1 | |a 530.1/3 | |
| 100 | 1 | |a Landau, L. D. |q (Lev Davidovich), |d 1908-1968. | |
| 240 | 1 | 0 | |a Statisticheskaia fizika. |l English |
| 245 | 1 | 0 | |a Statistical physics / |c by L.D. Landau and E.M. Lifshitz. |
| 250 | |a 3rd rev. and enl. ed. / |b by E.M. Lifshitz and L.P. Pitaevskii ; translated from the Russian by J.B. Sykes and M.J. Kearsley. | ||
| 264 | 1 | |a Oxford ; |a New York : |b Pergamon Press, |c 1980. | |
| 300 | |a 2 volumes ; |c 25 cm. | ||
| 336 | |a text |b txt |2 rdacontent | ||
| 337 | |a unmediated |b n |2 rdamedia | ||
| 338 | |a volume |b nc |2 rdacarrier | ||
| 490 | 1 | |a Pergamon international library of science, technology, engineering and social studies | |
| 490 | 1 | |a Course of theoretical physics ; |v v. 5, v. 9 | |
| 500 | |a Translation of: Statisticheskaia fizika. | ||
| 500 | |a Volume 2 has subtitle: Theory of the condensed state. | ||
| 500 | |a Volume 2 lacks edition statement. | ||
| 500 | |a Includes index. | ||
| 650 | 0 | |a Statistical physics. | |
| 700 | 1 | |a Lifshit︠s︡, E. M. |q (Evgeniĭ Mikhaĭlovich) | |
| 700 | 1 | |a Pitaevskiĭ, L. P. |q (Lev Petrovich) | |
| 740 | 0 | |a Theory of the condensed state. | |
| 800 | 1 | |a Landau, L. D. |q (Lev Davidovich), |d 1908-1968. |t Teoreticheskai︠a︡ fizika (Izd. 3-e). |l English; |v v. 5. | |
| 800 | 1 | |a Landau, L. D. |q (Lev Davidovich), |d 1908-1968. |t Teoreticheskai︠a︡ fizika (Izd. 3-e). |l English; |v v. 9. | |
| 830 | 0 | |a Pergamon international library of science, technology, engineering, and social studies. | |
| 999 | |a MARS | ||
| 999 | f | f | |s 24f49d9d-ebd6-3f7c-98ad-941e0d3922b4 |i 0a4a0258-2aee-3ffe-b98f-de11ea13d217 |t 0 |
| 952 | f | f | |p normal |a Texas A&M University |b College Station |c Sterling C. Evans Library |d Evans: Library Stacks |t 0 |e QC175 .L32 1980 |h Library of Congress classification |i unmediated -- volume |k pt.1 |m A14806276711 |
| 998 | f | f | |a QC175 .L32 1980 |s pt.1-pt.2 |t 0 |l Evans: Library Stacks |